Lolita /

The most controversial classic novel of the 20th century, Lolita tells the story of Humbert Humbert, a middle-aged man who is aroused to erotic desire only by a young girl. Awe and exhilaration--along with heartbreak and mordant wit--abound in Lolita, Nabokov's most famous and controversial nov...

Full description

Bibliographic Details
Main Author: Nabokov, Vladimir Vladimirovich, 1899-1977
Format: Book
Language:English
Published: New York : Vintage, 1997
Edition:2nd Vintage International ed.
Series:Vintage international
Subjects:

MARC

Tag First Indicator Second Indicator Subfields
LEADER 00000cam a2200000Ia 4500
001 in00002781496
005 20150922132616.0
008 970925t19971955nyu 000 1 eng d
010 |a  88040511  
019 |a 692820619 
020 |a 0679723161 (pbk.) 
020 |a 9780679723165 (pbk.) 
020 |a 9780613706254 
020 |a 0613706250 
035 |a (OCoLC)ocm37686178 
035 |a (OCoLC)37686178  |z (OCoLC)692820619 
040 |a EEJ  |c EEJ  |d IHI  |d GZM  |d OCLCQ  |d XY4  |d JQ7  |d SIE  |d SINLB  |d OCLCQ  |d CDX  |d EDX  |d NYP  |d BDX  |d UtOrBLW 
049 |a TXAM 
050 0 0 |a PS3527.A15  |b L6 1989 
082 0 4 |a 813.54  |2 21 
090 |a PS3527.A15  |b L6 1997 
100 1 |a Nabokov, Vladimir Vladimirovich,  |d 1899-1977. 
240 1 0 |a Lolita.  |l English 
245 1 0 |a Lolita /  |c Vladimir Nabokov. 
250 |a 2nd Vintage International ed. 
264 1 |a New York :  |b Vintage,  |c 1997 
264 4 |c ©1955 
300 |a 317 pages ;  |c 21 cm. 
336 |a text  |b txt  |2 rdacontent 
337 |a unmediated  |b n  |2 rdamedia 
338 |a volume  |b nc  |2 rdacarrier 
490 0 |a Vintage international 
500 |a "50th anniversary edition"--Cover. 
520 |a The most controversial classic novel of the 20th century, Lolita tells the story of Humbert Humbert, a middle-aged man who is aroused to erotic desire only by a young girl. Awe and exhilaration--along with heartbreak and mordant wit--abound in Lolita, Nabokov's most famous and controversial novel, which tells the story of the aging Humbert Humbert's obsessive, devouring, and doomed passion for the nymphet Dolores Haze. Lolita is also the story of a hypercivilized European colliding with the cheerful barbarism of postwar America. Most of all, it is a meditation on love--love as outrage and hallucination, madness and transformation. 
650 0 |a Child molesters  |v Fiction. 
650 0 |a Russian fiction  |y 20th century  |v Translations into English. 
650 0 |a Teenage girls  |x Sexual behavior  |v Fiction. 
650 0 |a Pedophilia  |v Fiction. 
650 0 |a Middle-aged men  |v Fiction. 
655 7 |a Erotic fiction.  |2 gsafd 
655 7 |a Love stories.  |2 gsafd 
948 |a cataloged  |b h  |c 2012/10/29  |d c  |e ceaton  |f 1:27:16 pm 
994 |a C0  |b TXA 
999 |a MARS 
999 f f |s 787051c3-02f6-3cfc-9ca3-3d0dd8ede283  |i 61ef5f87-7d5f-3fb0-b0f9-c9de9b664040  |t 0 
952 f f |p normal  |a Texas A&M University  |b College Station  |c Sterling C. Evans Library  |s Evans stk  |d Evans: Library Stacks  |t 0  |e PS3527.A15 L6 1997  |h Library of Congress classification  |i unmediated -- volume  |m A14841589387 
998 f f |a PS3527.A15 L6 1997  |t 0  |l Evans: Library Stacks